书目信息 |
| 书名: | A short history of linguistics | |
| 作者: | R. H. Robins. | |
| 分册号: | ||
| 分册名: | 出版地: | London : |
|
| 出版社: | Longman | |
| 出版时间: | 1979. | |
| 页数: | vii, 248 p. ; | |
| 开本: | 22 cm. | |
| 丛书名: | Longman linguistics library | |
| 中图分类号: | ||
| 科图分类号: | ||
| 其他分类号: | H0-09 | |
| 主题词: | ||
| 电子资源: | ||
| 000 | 00785pam 2200265 a 45 | |
| 001 | E0730581251 | |
| 005 | 20070301083633.06 | |
| 008 | 000616s1979 enk b 001 0 eng | |
| 010 | @a 78040983 //r85 | |
| 020 | @a0582552893. | |
| 020 | @a0582552885 (pbk.). | |
| 040 | @aDLC@cDLC@dNUL | |
| 050 | 00 | @aP61@b.R6 1979 |
| 082 | 00 | @a410/.9 |
| 090 | @aH0-09 | |
| 099 | @dH0-09@ex9 | |
| 100 | 1 | @aRobins, Robert Henry.@q(Robert Henry) |
| 245 | 12 | @aA short history of linguistics / @cR. H. Robins. |
| 250 | @a2nd ed. | |
| 260 | @aLondon :@bLongman,@c1979. | |
| 300 | @avii, 248 p. ;@c22 cm. | |
| 440 | 0 | @aLongman linguistics library ;@vno. 6 |
| 504 | @aIncludes bibliographical references and index. | |
| 650 | 0 | @aLinguistics@xHistory. |
| 920 | @a232010@z2 | |
| A short history of linguistics / / R. H. Robins.-2nd ed.-London : : Longman, , 1979. |
| vii, 248 p. ; ; 22 cm.- (Longman linguistics library ; no. 6 ) |
| Includes bibliographical references and index. |
| ISBN 0582552893. |
| ● |
| 相关链接 |
|
|
|
|
正题名:short history of linguistics
索取号:H0-09/x9
 
预约/预借
| 序号 | 登录号 | 条形码 | 馆藏地/架位号 | 状态 | 备注 |
| 1 | 184060 | 001074955 | 第二样本阅览室/ [索取号:H0-09/x9] | 在馆 | |
| 2 | 45975 | 001075044 | 密集书库/ [索取号:H0-09/x9] | 在馆 | |
| 3 | 45976 | 001075008 | 密集书库/ [索取号:H0-09/x9] | 在馆 | |
| 4 | 45977 | 001074991 | 密集书库/ [索取号:H0-09/x9] | 在馆 | |
| 5 | 45978 | 001075035 | 第四借阅区/ [索取号:H0-09/x9] | 在馆 | |
| 6 | 45979 | 001075080 | 第四借阅区/ [索取号:H0-09/x9] | 在馆 |